<?xml version="1.0" encoding="UTF-8"?>
<marc:record xmlns:marc="http://www.loc.gov/MARC21/slim">
   <marc:leader>00000nam a2200000 a 4500</marc:leader>
   <marc:datafield ind1="1" ind2=" " tag="100">
      <marc:subfield code="a">Schmidt, Friederike</marc:subfield>
      <marc:subfield code="4">edt</marc:subfield>
      <marc:subfield code="e">Bearbeiter/-in</marc:subfield>
   </marc:datafield>
   <marc:datafield ind1="1" ind2=" " tag="100">
      <marc:subfield code="a">Schondelmayer, Anne-Christin</marc:subfield>
      <marc:subfield code="4">edt</marc:subfield>
      <marc:subfield code="e">Bearbeiter/-in</marc:subfield>
   </marc:datafield>
   <marc:datafield ind1="1" ind2=" " tag="100">
      <marc:subfield code="a">Schröder, Ute B.</marc:subfield>
      <marc:subfield code="4">edt</marc:subfield>
      <marc:subfield code="e">Bearbeiter/-in</marc:subfield>
   </marc:datafield>
   <marc:datafield ind1=" " ind2=" " tag="653">
      <marc:subfield code="a">Geschlechtsidentität</marc:subfield>
   </marc:datafield>
   <marc:datafield ind1=" " ind2=" " tag="653">
      <marc:subfield code="a">Selbstbestimmung</marc:subfield>
   </marc:datafield>
   <marc:datafield ind1=" " ind2=" " tag="653">
      <marc:subfield code="a">Sexuelle Orientierung</marc:subfield>
   </marc:datafield>
   <marc:datafield ind1=" " ind2=" " tag="653">
      <marc:subfield code="a">Vielfalt</marc:subfield>
   </marc:datafield>
   <marc:datafield ind1=" " ind2=" " tag="653">
      <marc:subfield code="a">Anerkennung</marc:subfield>
   </marc:datafield>
   <marc:datafield ind1=" " ind2=" " tag="653">
      <marc:subfield code="a">Homophobie</marc:subfield>
   </marc:datafield>
   <marc:datafield ind1=" " ind2=" " tag="653">
      <marc:subfield code="a">Sexuelle Vielfalt</marc:subfield>
   </marc:datafield>
   <marc:datafield ind1=" " ind2=" " tag="653">
      <marc:subfield code="a">Transgeschlechtlichkeit</marc:subfield>
   </marc:datafield>
   <marc:datafield ind1=" " ind2=" " tag="653">
      <marc:subfield code="a">Diversity</marc:subfield>
   </marc:datafield>
   <marc:datafield ind1=" " ind2=" " tag="653">
      <marc:subfield code="a">Queer</marc:subfield>
   </marc:datafield>
   <marc:datafield ind1=" " ind2=" " tag="653">
      <marc:subfield code="a">Bildungsbausteine sexuelle Vielfalt</marc:subfield>
   </marc:datafield>
   <marc:datafield ind1=" " ind2=" " tag="653">
      <marc:subfield code="a">Softcover / Soziologie</marc:subfield>
   </marc:datafield>
   <marc:datafield ind1=" " ind2=" " tag="653">
      <marc:subfield code="a">Aufsatzsammlung</marc:subfield>
   </marc:datafield>
   <marc:datafield ind1="0" ind2="0" tag="245">
      <marc:subfield code="a">Selbstbestimmung und Anerkennung sexueller und geschlechtlicher Vielfalt</marc:subfield>
   </marc:datafield>
   <marc:datafield ind1="0" ind2="0" tag="245">
      <marc:subfield code="b">Lebenswirklichkeiten, Forschungsergebnisse und Bildungsbausteine</marc:subfield>
   </marc:datafield>
   <marc:datafield ind1="0" ind2="0" tag="245">
      <marc:subfield code="c">Friederike Schmidt ... (Hrsg.)</marc:subfield>
   </marc:datafield>
   <marc:datafield ind1=" " ind2="1" tag="264">
      <marc:subfield code="a">Wiesbaden</marc:subfield>
      <marc:subfield code="b">Springer VS</marc:subfield>
      <marc:subfield code="c">2015</marc:subfield>
   </marc:datafield>
   <marc:datafield ind1="1" ind2=" " tag="520">
      <marc:subfield code="a">Angaben aus der Verlagsmeldung

"Wir sind 10%" : Lebenswirklichkeiten, Forschungsergebnisse und Bildungskonzepte zu sexueller und geschlechtlicherVielfalt

​Das Buch richtet sich grundlegend an Professionelle der Paedagogik mit dem Ziel, sexuelle und geschlechtliche

Vielfalt staerker ins Bewusstsein paedagogischer Kontexte zu ruecken. Als spezifische
Zielgruppe werden somit Personen angesprochen, die im Bildungsbereich taetig sind, wie
bspw. schulische Lehrkraefte, sozialpaedagogische Fachkraefte, Mitarbeitende in der Erwachsenenbildung,
in Nichtregierungsorganisationen wie auch in der Seniorenarbeit. Die Evaluationsstudie,
die dieser Herausgabe vorangeht, weist auf ein Interesse und eine Bereitschaft hin, das Thema in
der paedagogischen Praxis aufzugreifen und zu bearbeiten, macht aber zugleich gravierende
Schwierigkeiten hierbei deutlich. Die im Fachbuch praesentierten Bildungsbausteine und Anwendungsvorschlaege
sind als Respons auf diesen Befund zu verstehen und einhergehend damit als
Hilfestellung fuer Praktiker_innen gedacht.
Zu der Zielgruppe der Professionellen der Paedagogik werden zudem Personen, die paedagogische
Fachkraefte im Kontext von Fortbildung und Ausbildung qualifizieren (Ausbilder_innen, Wissenschaftler_
innen), gezaehlt. So erfordert das Thema der sexuellen und geschlechtlichen Vielfalt
eine erhoehte Sensibilitaet seitens der paedagogischen Fachkräfte, womit es ein relevantes Thema
der Professionalisierung von Pädagog_innen darstellt. Hierzu will das Fachbuch Anregungen bieten.​
</marc:subfield>
   </marc:datafield>
   <marc:datafield ind1=" " ind2=" " tag="020">
      <marc:subfield code="a">9783658022518</marc:subfield>
      <marc:subfield code="9">9783658022518</marc:subfield>
   </marc:datafield>
   <marc:datafield ind1=" " ind2=" " tag="020">
      <marc:subfield code="a">3658022515</marc:subfield>
      <marc:subfield code="9">3658022515</marc:subfield>
   </marc:datafield>
   <marc:datafield ind1=" " ind2=" " tag="041">
      <marc:subfield code="a">ger</marc:subfield>
   </marc:datafield>
   <marc:datafield ind1=" " ind2=" " tag="300">
      <marc:subfield code="a">410 S.</marc:subfield>
   </marc:datafield>
</marc:record>
